Online katalóg knižníc regiónu Turca

Satanáš (Record no. 21027)

MARC details
000 -LEADER
fixed length control field 01195nam a2200361 a 4500
001 - CONTROL NUMBER
control field 21027
003 - CONTROL NUMBER IDENTIFIER
control field VRT
005 - DATE AND TIME OF LATEST TRANSACTION
control field 20260210154243.0
008 - FIXED-LENGTH DATA ELEMENTS--GENERAL INFORMATION
fixed length control field 250414s1986 xo 0 slo
015 ## - NATIONAL BIBLIOGRAPHY NUMBER
National bibliography number SNBA1986/06
035 ## - SYSTEM CONTROL NUMBER
System control number SNK000031050
039 #9 - LEVEL OF BIBLIOGRAPHIC CONTROL AND CODING DETAIL [OBSOLETE]
Level of rules in bibliographic description 202504141426
Level of effort used to assign nonsubject heading access points VLOAD
Level of effort used to assign subject headings 202503180824
Level of effort used to assign classification AUTHORITY
Level of effort used to assign subject headings 202403140907
Level of effort used to assign classification VLOAD
Level of effort used to assign subject headings 201808151625
Level of effort used to assign classification VLOAD
040 ## - CATALOGING SOURCE
Original cataloging agency SNK
Language of cataloging slo
Transcribing agency SNK
Description conventions AACR2
041 0# - LANGUAGE CODE
Language code of text/sound track or separate title slo
044 ## - COUNTRY OF PUBLISHING/PRODUCING ENTITY CODE
MARC country code xo
ISO country code SK
080 ## - UNIVERSAL DECIMAL CLASSIFICATION NUMBER
Universal Decimal Classification number 850-3
Edition identifier 1981
100 1# - MAIN ENTRY--PERSONAL NAME
Personal name Strati, Saverio
Relationship aut
245 10 - TITLE STATEMENT
Title Satanáš
Statement of responsibility, etc. Saverio Strati ; Blahoslav Hečko, Blahoslav Hečko, Adela Jakabová
250 ## - EDITION STATEMENT
Edition statement 1. vyd.
260 ## - PUBLICATION, DISTRIBUTION, ETC.
Place of publication, distribution, etc. Bratislava
Name of publisher, distributor, etc. Pravda
Date of publication, distribution, etc. 1986
Place of manufacture Bratislava
Manufacturer Pravda
300 ## - PHYSICAL DESCRIPTION
Extent 209 s., 12,17 AH
Dimensions 20 cm
366 ## - TRADE AVAILABILITY INFORMATION
Note 18500 výtl.
490 0# - SERIES STATEMENT
Series statement Maják
500 ## - GENERAL NOTE
General note Ilustr. na front. a predsádkach.
700 1# - ADDED ENTRY--PERSONAL NAME
Personal name Hečko, Blahoslav,
Dates associated with a name 1915-2002
Relationship trl
700 1# - ADDED ENTRY--PERSONAL NAME
Personal name Hečko, Blahoslav,
Dates associated with a name 1915-2002
Relationship [ADC]
700 1# - ADDED ENTRY--PERSONAL NAME
Personal name Jakabová, Adela,
Dates associated with a name 1945-
Relationship bkd
942 ## - ADDED ENTRY ELEMENTS (KOHA)
Source of classification or shelving scheme Dewey Decimal Classification
Koha item type Krásna literatúra pre dospelých
Suppress in OPAC No
949 ## - LOCAL PROCESSING INFORMATION (OCLC)
6 17A0030415
9 P60, <05>, [BOOK], {605}
a snkSC 65896 D1
949 ## - LOCAL PROCESSING INFORMATION (OCLC)
6 4710702680
9 1
a strmkB
b strmk2008/2680
Holdings
Stav vyradenia Strata Poškodenie Spôsob nadobudnutia Domovská knižnica Aktuálna knižnica Dátum nadobudnutia Total checkouts Čiarový kód exemplára Date last seen Typ exemplára
      Dar Obecná knižnica Horná Štubňa Obecná knižnica Horná Štubňa 10.02.2026   4736201202 10.02.2026 Krásna literatúra pre dospelých
Projekt je podporený Slovenskou asociáciou knižníc
Prevádzkuje Turčianska knižnica Martin 2026